000 00523nam a22001817a 4500
005 20251108175321.0
008 250721s2014 xx 000 0 ara d
082 1 4 _a811.9565/يعق
100 1 _aيعقوب، سعيد
245 1 0 _aضجيج السكون /
264 1 _aالشارقة :
_bدار الرابطة للنشر والتوزيع،
_c2014.
300 _a154 ص.
650 1 7 _aالشعر العربي
650 1 7 _aالعصر الحديث
650 1 7 _aالأردن
942 _2ddc
_cBK
999 _c131289
_d131289